Wahrscheinlichkeitsrechnung und mathematische Statistik

Saved in:
Bibliographic Details
Format: Book
Language:German
Published: Leipzig Teubner 1980
Edition:2. überarb. Aufl.
Series:Mathematik für Ingenieure, Naturwissenschaftler, Ökonomen und Landwirte
Tags: Add Tag
No Tags, Be the first to tag this record!

MARC

LEADER 00000nam a2200000 4500
001 c135184
005 20041019155303.5
041 0 |a ger 
044 |a DE 
245 1 0 |a Wahrscheinlichkeitsrechnung und mathematische Statistik 
250 |a 2. überarb. Aufl. 
264 1 |a Leipzig  |b Teubner  |c 1980 
300 |a 224 s. 
490 1 |a Mathematik für Ingenieure, Naturwissenschaftler, Ökonomen und Landwirte 
830 0 |a Mathematik für Ingenieure, Naturwissenschaftler, Ökonomen und Landwirte